000 00408nam a2200181Ia 4500
008 210210b1945 xxu||||| |||| 00| 0 eng d
041 _aeng
082 _a822/1132
100 _aSTARK (F)
245 _aSouthern gates of arabia
260 _aEngland
_bPenguin Books
_c1945
650 _aSouthern
650 _aof
650 _agates
650 _aarabia
690 _aEnglish Prose
906 _a013315
999 _c132180
_d132180